000
00295nam a22001337a 4500
008
210302b ||||| |||| 00| 0 eng d
020
_a
2900393913322
041
_a
eng
080
_2
3th
_a
82
100
_a
18
101
_a
GJL
245
_a
The Norton Anothology
_c
Puchner, M
942
_2
udc
_c
BK
999
_c
55432
_d
55432